000 00472nam a2200193Ia 4500
005 20260516165953.0
008 260514s9999 xx 000 0 und d
020 _a9780143065562
041 _aeng
082 _a915.4 DK B2284
100 _aDk
245 _aEyewithness Travel : Qutub Minar
260 _bDk
_aNew Delhi
300 _a31
500 _aHT
650 _aHeritage Tourisum
650 _aQutb Minar (Delhi, India)—Guidebooks
_9217721
942 _cBK
999 _c370924
_d370924